Statistics for Avrupa Bayrakları

Click here to take the quiz!

General Stats

  • This quiz has been taken 5 405 times
  • The average score is 32 of 45

Answer Stats

Answer% Correct
almanya
100%
belçika
85%
arnavutluk
84%
birleşik krallık
81%
fransa
81%
ispanya
81%
italya
80%
isveç
79%
isviçre
79%
bosna hersek
78%
avusturya
77%
danimarka
77%
finlandiya
77%
hollanda
77%
bulgaristan
76%
hırvatistan
76%
irlanda
76%
çekya
74%
andorra
73%
estonya
73%
izlanda
72%
makedonya
72%
portekiz
72%
rusya
72%
ukrayna
72%
yunanistan
72%
norveç
70%
kosova
69%
polonya
69%
romanya
69%
beyaz rusya
67%
sırbistan
67%
macaristan
66%
karadağ
64%
letonya
64%
lüksemburg
63%
slovakya
62%
slovenya
61%
litvanya
60%
malta
60%
moldova
59%
san marino
59%
vatikan
59%
lihtenştayn
55%
monako
53%

Score Distribution

Percentile by Number Answered

Percent of People with Each Score

Your Score History

You have not taken this quiz